Statistics for Words of the Nunc Dimittis

Click here to take the quiz!

General Stats

  • This quiz has been taken 6 times
  • The average score is 68 of 77

Answer Stats

Text% Correct
a
100%
and
100%
and
100%
and
100%
and
100%
as
100%
be:
100%
be
100%
be
100%
be
100%
Father,
100%
Ghost;
100%
Glory
100%
glory
100%
Holy
100%
in
100%
in
100%
is
100%
it
100%
of
100%
of
100%
peace
100%
people
100%
people;
100%
Son:
100%
the
100%
the
100%
the
100%
the
100%
the
100%
the
100%
the
100%
Thy
100%
Thy
100%
Thy
100%
Thy
100%
all
83%
Amen.
83%
beginning,
83%
end.
83%
ever
83%
eyes
83%
For
83%
Gentiles
83%
have
83%
Israel.
83%
light
83%
Lord,
83%
mine
83%
now,
83%
now
83%
seen
83%
servant
83%
shall
83%
Thou
83%
Thou
83%
to
83%
to
83%
to
83%
to
83%
to
83%
to
83%
to
83%
was
83%
which
83%
without
83%
world
83%
according
67%
depart
67%
hast
67%
lettest
67%
lighten
67%
salvation,
67%
word.
67%
face
50%
before
33%
prepared
33%

Score Distribution

Percentile by Number Answered

Percent of People with Each Score

Your Score History

You have not taken this quiz